LEADER 01376nam a2200325 i 4500 001 991001890629707536 008 121120s1995 paua b 100 0 eng d 020 $a1560916419 035 $ab14087418-39ule_inst 040 $aDip.to Ingegneria dell'Innovazione$beng 082 0 $a621.436$220 245 00$aAnalysis of new diesel engine and component design 260 $aWarrendale, Pa. :$bSociety of Automotive Engineers,$cc1995 300 $a89 p. :$bill. ;$c29 cm 500 $a"International Congress & Exposition, Detroit, Michigan, February 27-March 2, 1995"--P. [4] of cover 500 $aSP-1091 500 $a"SAE/SP-95/1091"--T.p. verso 500 $aFebruary 1995 504 $aIncludes bibliographical references 650 4$aDiesel motor$xDesign and construction$xCongresses 650 4$aDiesel motor$xPistons$xCongresses 650 4$aDiesel motor$xCylinders$xCongresses 710 2 $aSociety of Automotive Engineers 711 2 $aSAE International Congress & Exposition$d(1995 :$cDetroit, Mich.) 907 $a.b14087418$b28-01-14$c20-11-12 912 $a991001890629707536 945 $aLE026 621.436 SAE 01.01 1995$g1$i2026000058740$lle026$op$pE0.00$q-$rl$s- $t4$u0$v0$w0$x0$y.i15461075$z20-11-12 996 $aAnalysis of new diesel engine and component design$9241495 997 $aUNISALENTO 998 $ale026$b20-11-12$cm$da $e-$feng$gpau$h0$i0 LEADER 01698oam 2200433 a 450 001 9910697140903321 005 20230902161900.0 035 $a(CKB)5470000002385504 035 $a(OCoLC)612600541 035 $a(EXLCZ)995470000002385504 100 $a20100507d2010 ua 0 101 0 $aeng 135 $aurmn||||||||| 181 $ctxt$2rdacontent 182 $cc$2rdamedia 183 $acr$2rdacarrier 200 10$aMedicare Part D$b[electronic resource] $espending, beneficiary out-of-pocket costs, and efforts to obtain price concessions for certain high-cost drugs : testimony before the Special Committee on Aging, U.S. Senate /$fstatement of John E. Dicken 210 1$a[Washington, D.C.] :$cU.S. Govt. Accountability Office,$d[2010] 215 $a1 online resource (15 pages) $cillustrations 225 1 $aTestimony ;$vGAO-10-529T 300 $aTitle from PDF title screen (GAO, viewed May 7, 2010). 300 $aFor release ... March 17, 2010." 320 $aIncludes bibliographical references. 410 0$aTestimony ;$vGAO-10-529T. 517 $aMedicare Part D 606 $aMedicare$xEconomic aspects$zUnited States 606 $aPharmaceutical services insurance$xEconomic aspects$zUnited States 615 0$aMedicare$xEconomic aspects 615 0$aPharmaceutical services insurance$xEconomic aspects 700 $aDicken$b John E$01382684 712 02$aUnited States.$bCongress.$bSenate.$bSpecial Committee on Aging. 712 02$aUnited States.$bGovernment Accountability Office. 801 0$bVVK 801 1$bVVK 801 2$bGPO 906 $aBOOK 912 $a9910697140903321 996 $aMedicare Part D$93477697 997 $aUNINA